Score 0/20 Timer 04:00
0 Plays Today
Title Word % Correct
Papa’s Got a _____ New BagBrand
92.2%
You Make Me ____ Brand NewFeel
90.3%
New York State of ____Mind
89.7%
New Year’s ___Day
86.2%
What’s New ________?Pussycat
85%
A Whole New _____World
84.8%
N.W.O. (New World _____)Order
83.4%
New ____, New ____York
82.3%
A New Day Has ____Come
72.3%
New ___ in TownKid
65.4%
Title Word % Correct
The ___ from New York CityBoy
65.4%
New World ___Man
51.8%
I Want a New ____Drug
51.3%
Looking for a New ____Love
41.1%
____ of New OrleansCity
37%
The ______ of New OrleansBattle
35.4%
I Will Buy You a New ____Life
35.2%
Brand New ___Key
27.4%
New _________Sensation
26.6%
New _________Romantics
8.2%

Today's Daily Dose

Word Ladder
Silence

Get the Picture
Philly Team Facts

You're not logged in!

Compare scores with friends on all Sporcle quizzes.
OR
Log In

Sporcle TV

Today on Sporcle TV


Watch our educational content, quiz creation guides, and fun videos on Sporcle TV.

Show Comments

Extras

Top Quizzes Today


Score Distribution

Your Account Isn't Verified!

In order to create a playlist on Sporcle, you need to verify the email address you used during registration. Go to your Sporcle Settings to finish the process.

Report this User

Report this user for behavior that violates our Community Guidelines.

Details: